Africa and development challenges in the New Millennium: the NEPAD debate (Record no. 33663)

MARC details
000 -LEADER
fixed length control field 00523nam a2200133 a 4500
008 - FIXED-LENGTH DATA ELEMENTS--GENERAL INFORMATION
fixed length control field 070717s2006 ||||||||||||||||| || u
020 ## - INTERNATIONAL STANDARD BOOK NUMBER
International Standard Book Number 1842775952
050 ## - LIBRARY OF CONGRESS CALL NUMBER
Classification number CODESRIA(02)
245 00 - TITLE STATEMENT
Title Africa and development challenges in the New Millennium: the NEPAD debate
260 ## - PUBLICATION, DISTRIBUTION, ETC.
Place of publication, distribution, etc. Dakar
Name of publisher, distributor, etc. CODESRIA
Date of publication, distribution, etc. 2006
300 ## - PHYSICAL DESCRIPTION
Extent xvi, 288p.
350 ## - PRICE (NR) (BK AM CF MU VM SE) [OBSOLETE]
Price 0.00
995 ## - RECOMMENDATION 995 [LOCAL, UNIMARC FRANCE]
-- 0.00
-- CBU-MAIN LIBRARY (Kitwe)
-- 1
-- 0.00
-- 1
-- AVAILABLE
-- Aug 7, 2007
-- International Publications
Holdings
Withdrawn status Lost status Source of classification or shelving scheme Damaged status Not for loan Home library Current library Shelving location Date acquired Total Checkouts Full call number Barcode Date last seen Price effective from Koha item type
          CBU-MAIN LIBRARY, KITWE. CBU-MAIN LIBRARY, KITWE.   11/30/2022   CODESRIA(02) Z03002250 11/30/2022 11/30/2022 MONOGRAPH